00758nam a2200217 i 4500001000700000003000900007005001700016007000300033008004100036020001800077080001000095100003300105245013600138246004200274260003200316300002900348490006500377650002500442830005200467852002100519142954ES-MaACL20250814231554.0t|071011s1973 sp ||||1| spa d a84-7222-232-2 a335.51 aVidal Villa, José María.10aEstructura y organización económica internacional. n1, pIniciación a la economía marxista / cJosé María Vidal Villa.3 aIniciación a la economía marxista aBarcelona : bLaia, c1973. a1 v. (199 p.) ; c19 cm.1 aEdiciones de bolsillo. Ciencias sociales. Economía ; v258 4aEconomía marxista.10aEdiciones de bolsillo. pCiencias socialesv2584 aES-MaACLjP-1879